[Event "BL2-Ost 1415"]
[Site "Germany"]
[Date "2014.10.18"]
[Round "1.2"]
[White "Suran, Jan"]
[Black "Slobodjan, Roman"]
[Result "1/2-1/2"]
[WhiteElo "2379"]
[BlackElo "2490"]
[PlyCount "40"]
[EventDate "2014.10.18"]
[EventType "team-tourn"]
[EventRounds "10"]
[EventCountry "GER"]
[SourceTitle "CBM 166 Extra"]
[Source "ChessBase"]
[SourceDate "2015.06.18"]
[SourceVersion "1"]
[SourceVersionDate "2015.06.18"]
[SourceQuality "1"]
[WhiteTeam "Passau"]
[BlackTeam "Aue Nickelhuette"]
[WhiteTeamCountry "GER"]
[BlackTeamCountry "GER"]

1. e4 e5 2. Nf3 Nc6 3. Bb5 Nf6 4. 0-0 Nxe4 5. d4 Nd6 6. Ba4 e4 7. Re1 Be7 8. Ne5 0-0 9. Nc3 f5 10. Bf4 Nxe5 11. dxe5 Nf7 12. Bb3 Kh8 13. Bxf7 Rxf7 14. Nd5 d6 15. Nxe7 Qxe7 16. exd6 cxd6 17. Bxd6 Qe6 18. Qd4 Bd7 19. Qe5 Re8 20. Qxe6 Bxe6 1/2-1/2

[Event "BL2-Ost 1314"]
[Site "Germany"]
[Date "2014.01.18"]
[Round "9.1"]
[White "Slobodjan, Roman"]
[Black "Kindermann, Stefan"]
[Result "1/2-1/2"]
[WhiteElo "2509"]
[BlackElo "2498"]
[PlyCount "61"]
[EventDate "2013.10.12"]
[EventType "team-tourn"]
[EventRounds "10"]
[EventCountry "GER"]
[SourceTitle "EXT 2015"]
[Source "ChessBase"]
[SourceDate "2014.11.20"]
[SourceVersion "1"]
[SourceVersionDate "2014.11.20"]
[SourceQuality "1"]
[WhiteTeam "Aue Nickelhuette"]
[BlackTeam "Zugzwang MSA"]
[WhiteTeamCountry "GER"]
[BlackTeamCountry "GER"]

1. e4 e6 2. d4 d5 3. Nc3 Nf6 4. Bg5 Bb4 5. e5 h6 6. Bc1 Ne4 7. Qg4 Kf8 8. Nge2 c5 9. a3 Bxc3+ 10. bxc3 cxd4 11. cxd4 Nc6 12. c3 Qa5 13. Be3 Ne7 14. Qh3 f6 15. f3 Ng5 16. Qh5 Bd7 17. exf6 gxf6 18. Bd2 Nf5 19. c4 Qd8 20. Nf4 Qe8 21. Qg6 Qf7 22. cxd5 Nxd4 23. dxe6 Ngxe6 24. Nxe6+ Bxe6 25. Bb4+ Ke8 26. Qe4 Rd8 27. Kf2 Qc7 28. Qg6+ Qf7 29. Qe4 Qc7 30. Qg6+ Qf7 31. Qe4 1/2-1/2

[Event "BL2-Ost 1314"]
[Site "Germany"]
[Date "2013.11.24"]
[Round "5.2"]
[White "Slobodjan, Roman"]
[Black "Jansa, Vlastimil"]
[Result "0-1"]
[WhiteElo "2509"]
[BlackElo "2455"]
[PlyCount "56"]
[EventDate "2013.10.12"]
[EventType "team-tourn"]
[EventRounds "10"]
[EventCountry "GER"]
[SourceTitle "EXT 2015"]
[Source "ChessBase"]
[SourceDate "2014.11.20"]
[SourceVersion "1"]
[SourceVersionDate "2014.11.20"]
[SourceQuality "1"]
[WhiteTeam "Aue Nickelhuette"]
[BlackTeam "Forchheim"]
[WhiteTeamCountry "GER"]
[BlackTeamCountry "GER"]

1. Nf3 Nf6 2. c4 g6 3. Nc3 d5 4. cxd5 Nxd5 5. Qa4+ Bd7 6. Qh4 Bc6 7. Qd4 Rg8 8. Ne5 e6 9. Nxd5 Bxd5 10. Qa4+ Nc6 11. e3 a6 12. Nf3 b5 13. Qd1 e5 14. d3 e4 15. dxe4 Bxe4 16. Nd2 Bd5 17. a3 Bg7 18. Qc2 Qe7 19. Be2 Bxg2 20. Rg1 Bd5 21. a4 Nb4 22. Qb1 Qc5 23. Bd1 0-0-0 24. axb5 axb5 25. Kf1 Rge8 26. Be2 Bb7 27. Ra5 c6 28. Ra3 Na2 0-1

[Event "BL2-Ost 1213"]
[Site "Germany"]
[Date "2013.03.17"]
[Round "8.1"]
[White "Slobodjan, Roman"]
[Black "Schenk, Andreas"]
[Result "1/2-1/2"]
[WhiteElo "2529"]
[BlackElo "2487"]
[PlyCount "65"]
[EventDate "2012.10.14"]
[EventType "team-tourn"]
[EventRounds "9"]
[EventCountry "GER"]
[SourceTitle "CBM 154 Extra"]
[Source "ChessBase"]
[SourceDate "2013.06.25"]
[SourceVersion "2"]
[SourceVersionDate "2013.06.25"]
[SourceQuality "1"]
[WhiteTeam "Aue Nickelhuette"]
[BlackTeam "Bayern Muenchen"]
[WhiteTeamCountry "GER"]
[BlackTeamCountry "GER"]

1. e4 e6 2. d4 d5 3. Nc3 Nf6 4. Bg5 dxe4 5. Nxe4 Be7 6. Bxf6 gxf6 7. Nf3 f5 8. Ng3 c5 9. Bb5+ Bd7 10. Bxd7+ Qxd7 11. c3 Nc6 12. Qc2 cxd4 13. Rd1 0-0-0 14. Nxd4 Bf6 15. Nxc6 Qxd1+ 16. Qxd1 Rxd1+ 17. Kxd1 bxc6 18. Nh5 Rd8+ 19. Ke2 Be5 20. f4 Bd6 21. h3 Kd7 22. Rd1 Ke7 23. Rd4 Rg8 24. Kf3 Rb8 25. b3 Rb5 26. Ra4 Bb8 27. Rc4 Ra5 28. Rxc6 Rxa2 29. g4 Ra3 30. b4 Bd6 31. Rc4 a5 32. bxa5 fxg4+ 33. hxg4 1/2-1/2

[Event "BL2-Ost 1213"]
[Site "Germany"]
[Date "2013.01.13"]
[Round "5.1"]
[White "Kindermann, Stefan"]
[Black "Slobodjan, Roman"]
[Result "1/2-1/2"]
[WhiteElo "2493"]
[BlackElo "2529"]
[PlyCount "46"]
[EventDate "2012.10.14"]
[EventType "team-tourn"]
[EventRounds "9"]
[EventCountry "GER"]
[SourceTitle "CBM 154 Extra"]
[Source "ChessBase"]
[SourceDate "2013.06.25"]
[SourceVersion "2"]
[SourceVersionDate "2013.06.25"]
[SourceQuality "1"]
[WhiteTeam "Zugzwang MSA"]
[BlackTeam "Aue Nickelhuette"]
[WhiteTeamCountry "GER"]
[BlackTeamCountry "GER"]

1. e4 e5 2. Nf3 Nc6 3. Bc4 Nf6 4. d3 Be7 5. 0-0 0-0 6. Re1 d6 7. a4 Be6 8. Nbd2 Nd7 9. c3 Bf6 10. b4 Bxc4 11. Nxc4 Ne7 12. d4 exd4 13. cxd4 d5 14. Ncd2 dxe4 15. Nxe4 Nd5 16. Qb3 c6 17. b5 Re8 18. Ba3 Re6 19. Rac1 Qb6 20. Qc4 Qa5 21. bxc6 Rxc6 22. Nc5 N5b6 23. Qc2 h6 1/2-1/2

[Event "BL2-Ost 1112"]
[Site "Germany"]
[Date "2012.02.05"]
[Round "6.2"]
[White "Slobodjan, Roman"]
[Black "Schenk, Andreas"]
[Result "1/2-1/2"]
[WhiteElo "2535"]
[BlackElo "2499"]
[PlyCount "45"]
[EventDate "2011.10.02"]
[EventType "team-tourn"]
[EventRounds "9"]
[EventCountry "GER"]
[SourceTitle "EXT 2015"]
[Source "ChessBase"]
[SourceDate "2014.11.20"]
[SourceVersion "1"]
[SourceVersionDate "2014.11.20"]
[SourceQuality "1"]
[WhiteTeam "Aue Nickelhuette"]
[BlackTeam "Bayern Muenchen"]
[WhiteTeamCountry "GER"]
[BlackTeamCountry "GER"]

1. e4 e6 2. d4 d5 3. Nd2 c5 4. Ngf3 cxd4 5. exd5 Qxd5 6. Bc4 Qd6 7. 0-0 Nf6 8. Nb3 Nc6 9. Nbxd4 Nxd4 10. Qxd4 Bd7 11. Be3 Qxd4 12. Bxd4 Rc8 13. Ne5 Bc5 14. Rfd1 Bxd4 15. Rxd4 Ke7 16. f4 Rhd8 17. Re1 Be8 18. Rxd8 Kxd8 19. Bd3 Nd7 20. f5 Nxe5 21. Rxe5 exf5 22. Bxf5 Rc4 23. Bd3 1/2-1/2

[Event "BL2-Ost 1112"]
[Site "Germany"]
[Date "2011.10.24"]
[Round "2.2"]
[White "Enders, Peter"]
[Black "Slobodjan, Roman"]
[Result "1-0"]
[WhiteElo "2454"]
[BlackElo "2535"]
[PlyCount "105"]
[EventDate "2011.10.02"]
[EventType "team-tourn"]
[EventRounds "9"]
[EventCountry "GER"]
[SourceTitle "EXT 2015"]
[Source "ChessBase"]
[SourceDate "2014.11.20"]
[SourceVersion "1"]
[SourceVersionDate "2014.11.20"]
[SourceQuality "1"]
[WhiteTeam "Erfurt"]
[BlackTeam "Aue Nickelhuette"]
[WhiteTeamCountry "GER"]
[BlackTeamCountry "GER"]

1. e4 e5 2. Nf3 Nc6 3. Bb5 f5 4. Nc3 fxe4 5. Nxe4 Nf6 6. Nxf6+ Qxf6 7. Qe2 Be7 8. Bxc6 dxc6 9. Nxe5 0-0 10. d4 Bd6 11. 0-0 c5 12. Be3 Bxe5 13. dxe5 Qxe5 14. Qc4+ Be6 15. Qxc5 Qxc5 16. Bxc5 Rfe8 17. Be3 Rad8 18. Rfe1 Bf5 19. c3 Kf7 20. f3 h5 21. h4 a6 22. Kf2 Rd5 23. Rad1 Be6 24. a3 Red8 25. Rxd5 Rxd5 26. Ra1 a5 27. b4 Rd3 28. Rc1 a4 29. b5 Bb3 30. c4 Rd1 31. Rc3 Ra1 32. Bc5 Ra2+ 33. Kg1 b6 34. Be3 Rc2 35. Rd3 Rxc4 36. Rd7+ Kf6 37. Bg5+ Kg6 38. Bd8 Rc1+ 39. Kf2 Rd1 40. Rxd1 Bxd1 41. Ke3 Bb3 42. Kd4 Kf5 43. Bxc7 Ke6 44. Bxb6 Bd1 45. Bc5 Be2 46. b6 Ba6 47. Ke4 Bb7+ 48. Kf4 g6 49. Kg5 Kf7 50. Bd4 Bc6 51. f4 Bxg2 52. f5 gxf5 53. Kxh5 1-0